| 000 | 00798nam a2200193Ia 4500 | ||
|---|---|---|---|
| 008 | 151121s9999||||xx |||||||||||||| ||und|| | ||
| 082 | _a081/गांधीजी | ||
| 082 | _bHNW-26475 | ||
| 100 | _aगांधी महात्मा | ||
| 245 | _aमहात्मा गांधी वाङमय लेखसंग्रह | ||
| 260 | _b"संचालक , प्रकाशन विभाग, दिल्ली।" | ||
| 260 | _c-- | ||
| 300 | _a784 | ||
| 600 | _aगांधी महात्मा | ||
| 630 | _aमहात्मा गांधी वाङमय लेखसंग्रह | ||
| 700 | _aगांधी महात्मा | ||
| 730 | _aमहात्मा गांधी वाङमय लेखसंग्रह | ||
| 942 | _cBOOK | ||
| 999 |
_c1223069 _d1223066 |
||